000 00348 a2200133 4500
001 88222
082 _aPR 457
090 _c41636
_d41636
100 _aZahid Ahmed
245 _aPerformance, Prediction and Dianostics of gas turbine
260 _aRisalpur
_bNUST Risalpur
_c1999
300 _ax, 86p.
_eKhalid Pervaiz
500 _aBE Project Reports
942 _aCAE NUST
_kPR 457
999 _c323295
_d323295